Music Quiz

Random Music or Song Quiz

Covering the Beatles Quiz Stats

Quiz Updated Aug 12, 2017

Challenge
Share
Tweet
Embed
Score 0/17 Timer 05:00
0 Plays Today
Song Artist % Correct
With A Little Help From My FriendsJoe Cocker
72.5%
She Came In Through The Bathroom WindowJoe Cocker
72.5%
Lucy In The Sky With DiamondsElton John
56.3%
Come And Get It*Badfinger
24.3%
Sgt. Pepper's Lonely Hearts Club BandPaul McCartney and U2
20.4%
I Saw Her (Him) Standing ThereTiffany
19.8%
A World Without Love*Peter And Gordon
17.4%
Here Comes The SunRichie Havens
10.1%
Bad To Me*Billy J. Kramer and the Dakotas
7%
Song Artist % Correct
You Won't See MeAnne Murray
6.6%
The Fool On The HillSergio Mendes And Brasil '66
6%
Oh! DarlingRobin Gibb
4.3%
You've Got To Hide Your Love AwayThe Silkie
2.9%
Magical Mystery TourAmbrosia
1.5%
MichelleDavid And Jonathan
1.4%
Back In The U.S.S.R.Chubby Checker
1.3%
BirthdayUnderground Sunshine
0.9%

You're not logged in!

Compare scores with friends on all Sporcle quizzes.
Sign Up with Email
OR
Log In

You Might Also Like...

Show Comments

Extras

Top Quizzes Today


Score Distribution

Your Account Isn't Verified!

In order to create a playlist on Sporcle, you need to verify the email address you used during registration. Go to your Sporcle Settings to finish the process.